000 00620nam a2200181Ia 4500
008 090124s9999 xx 000 0 und d
082 _b20805
100 _aशेवडेगुरुजी रा. वा.
245 _a गुरु नानक देव
250 _a1
260 _bशिवसंस्कार प्रकाशन
_c1983
300 _a64
600 _aशेवडेगुरुजी रा. वा.
630 _a गुरु नानक देव
700 _aशेवडेगुरुजी रा. वा.
730 _a गुरु नानक देव
942 _cBOOK
999 _c90968
_d90968